| 000 | 00488 a2200169 4500 | ||
|---|---|---|---|
| 005 | 20250630072443.0 | ||
| 020 | _a0-13-146918-5 | ||
| 082 | _aTEA. LECT 658.8 KOT | ||
| 100 | _aKOTLER, P. | ||
| 245 | _aPrinciples of Marketing. | ||
| 250 | _a11th Ed | ||
| 260 |
_aAustralia, _bPrentice Hall, _c2006. |
||
| 300 |
_axx, 742p.: ill.; figure _bReferences & Glossary & Index _c28cm. |
||
| 700 | _aARMSTRONG, G. | ||
| 856 |
_yAccess Online Book _fMarketing _dwww.prenhall.com |
||
| 942 |
_2ddc _cBKS |
||
| 999 |
_c3378 _d3378 |
||